000 00641nam a22002172a 4500
001 28737
003 BD-RjUL
005 20211209051325.0
008 140331s1920 uk 000 0 eng d
035 _a(BD-RjUL)28819
040 _aKSU
_cKSU
_dHRH
_dBD-RjUL
_beng
041 _aeng
082 _a920.7
_bASA 1920
090 _aDA566.9.O8
_bA3 1920
100 1 _aAsquith, Margot,
_d1864-1945.
_987930
245 1 4 _aThe autobiography of Margot Asquith /
260 _aNew York :
_bGeorge H. Doran company,
_c1920 [Reprinted 1920[
300 _axiv ,302 p. :
_bill. ;
_c23 cm
600 1 0 _aAsquith, Margot,
_d1864-1945
_987938
942 _2ddc
_cBK
999 _c28737
_d28737